<?xml version="1.0" encoding="UTF-8"?>
<record
    xmlns:xsi="http://www.w3.org/2001/XMLSchema-instance"
    xsi:schemaLocation="http://www.loc.gov/MARC21/slim http://www.loc.gov/standards/marcxml/schema/MARC21slim.xsd"
    xmlns="http://www.loc.gov/MARC21/slim">

  <leader>00966cas a22002417a 4500</leader>
  <controlfield tag="003">OSt</controlfield>
  <controlfield tag="005">20170123161057.0</controlfield>
  <controlfield tag="008">170123s2016    sp ao    y    000 0 spa d</controlfield>
  <datafield tag="020" ind1=" " ind2=" ">
    <subfield code="a">9788408152798</subfield>
  </datafield>
  <datafield tag="040" ind1=" " ind2=" ">
    <subfield code="b">cat</subfield>
    <subfield code="c">CDMR</subfield>
  </datafield>
  <datafield tag="245" ind1="0" ind2="3">
    <subfield code="a">La Sociedad de la informaci&#xF3;n en Espa&#xF1;a </subfield>
    <subfield code="h">[Recurs electr&#xF2;nic]</subfield>
  </datafield>
  <datafield tag="260" ind1=" " ind2=" ">
    <subfield code="a">Madrid :</subfield>
    <subfield code="b">Fundaci&#xF3;n Telef&#xF3;nica ;</subfield>
    <subfield code="a">Barcelona :</subfield>
    <subfield code="b">Ariel,</subfield>
    <subfield code="c">2005-</subfield>
  </datafield>
  <datafield tag="310" ind1=" " ind2=" ">
    <subfield code="a">anual</subfield>
  </datafield>
  <datafield tag="362" ind1="0" ind2=" ">
    <subfield code="a">2006-</subfield>
  </datafield>
  <datafield tag="530" ind1=" " ind2=" ">
    <subfield code="a">Tamb&#xE9; es publica en versi&#xF3; impresa</subfield>
  </datafield>
  <datafield tag="650" ind1="0" ind2="7">
    <subfield code="a">Societat de la informaci&#xF3;</subfield>
    <subfield code="z">Espanya</subfield>
    <subfield code="2">lemac</subfield>
    <subfield code="9">3156</subfield>
  </datafield>
  <datafield tag="650" ind1=" " ind2="7">
    <subfield code="a">Internet</subfield>
    <subfield code="x">Aspectes socials</subfield>
    <subfield code="z">Espanya</subfield>
    <subfield code="2">lemac</subfield>
    <subfield code="9">3902</subfield>
  </datafield>
  <datafield tag="650" ind1=" " ind2="7">
    <subfield code="a">Internet</subfield>
    <subfield code="x">Aspectes &#xE8;tics i morals</subfield>
    <subfield code="z">Espanya</subfield>
    <subfield code="2">lemac</subfield>
    <subfield code="9">3903</subfield>
  </datafield>
  <datafield tag="650" ind1="0" ind2="7">
    <subfield code="a">Tecnologia de la informaci&#xF3;</subfield>
    <subfield code="x">Aspectes socials</subfield>
    <subfield code="z">Espanya</subfield>
    <subfield code="2">lemac</subfield>
    <subfield code="9">3508</subfield>
  </datafield>
  <datafield tag="710" ind1=" " ind2=" ">
    <subfield code="a">Fundaci&#xF3;n Telef&#xF3;nica</subfield>
    <subfield code="9">4583</subfield>
  </datafield>
  <datafield tag="856" ind1=" " ind2=" ">
    <subfield code="u">http://www.fundaciontelefonica.com/arte_cultura/publicaciones-listado/</subfield>
    <subfield code="y">Disponible en l&#xED;nia des de l'any 2006</subfield>
    <subfield code="z">(Acc&#xE9;s en l&#xED;nia)</subfield>
  </datafield>
  <datafield tag="942" ind1=" " ind2=" ">
    <subfield code="c">SER-E</subfield>
  </datafield>
  <datafield tag="999" ind1=" " ind2=" ">
    <subfield code="c">6990</subfield>
    <subfield code="d">6990</subfield>
  </datafield>
  <datafield tag="952" ind1=" " ind2=" ">
    <subfield code="0">0</subfield>
    <subfield code="1">0</subfield>
    <subfield code="4">0</subfield>
    <subfield code="7">0</subfield>
    <subfield code="a">CDMR</subfield>
    <subfield code="b">CDMR</subfield>
    <subfield code="d">2017-01-23</subfield>
    <subfield code="l">0</subfield>
    <subfield code="r">2017-01-23</subfield>
    <subfield code="w">2017-01-23</subfield>
    <subfield code="y">SER-E</subfield>
  </datafield>
</record>
